| 000 | 00643nam a22001937a 4500 | ||
|---|---|---|---|
| 999 |
_c12187 _d12187 |
||
| 003 | AR-CdUCM | ||
| 008 | 190408b ||||| |||| 00| 0 spa d | ||
| 040 |
_aMUNICIPALIDAD PROVINCIAL DEL CUSCO _cBIBLIOTECA MUNICIPAL DEL CUSCO |
||
| 082 |
_aEP / 372.460 / _bA89 |
||
| 110 |
_aEdiciones S. T. J. _929913 |
||
| 245 |
_aAvanza en el conocimiento del mundo : _bUnidades didácticas 2 / |
||
| 260 |
_aBarcelona : _bEdiciones S. T. J. |
||
| 300 |
_a127 páginas ; _bIlustraciones _c26cm |
||
| 505 | _aContenido: Lecturas | ||
| 650 |
_aLecturas _96094 |
||
| 650 |
_aEducación primaria _91561 |
||
| 942 |
_2ddc _cLIBROS |
||
| 945 |
_anom _d2019-04-08 |
||